Curso de matemáticas
Guardat en:
| Autors principals: | , |
|---|---|
| Format: | Llibre |
| Idioma: | espanyol |
| Publicat: |
Barcelona
Reverté
1979
|
| Matèries: | |
| Etiquetes: |
Afegir etiqueta
Sense etiquetes, Sigues el primer a etiquetar aquest registre!
|
MARC
| LEADER | 00000nam a2200000 a 4500 | ||
|---|---|---|---|
| 001 | UCQ8748 | ||
| 003 | CL-VaPUC | ||
| 008 | 981217e19790000SP |||||||||||||||||spa|d | ||
| 082 | 0 | 4 | |a 510 |b LEL |2 21 |
| 100 | |a Lelong-Ferrand, Jacqueline |e author |9 430677 | ||
| 700 | 0 | |a Arnaudiès, Jean-Marie |e author |9 422917 | |
| 245 | 1 | 0 | |a Curso de matemáticas |
| 300 | |a v | ||
| 942 | |c BK | ||
| 945 | |d 19981217 00:00:00 |a cmena | ||
| 260 | |a Barcelona |b Reverté |c 1979 | ||
| 500 | |a v.1: Algebra | ||
| 650 | 0 | |a Matemática |9 260235 | |
| 650 | 0 | |a Álgebra |9 259567 | |
| 650 | 0 | |a Teoría de conjuntos |9 265668 | |
| 650 | 0 | |a Relaciones matemáticas |9 359925 | |
| 650 | 0 | |a Matrices |9 22 | |
| 650 | 0 | |a Funciones (Matemáticas) |9 338128 | |
| 650 | 0 | |a Ecuaciones |9 260137 | |
| 650 | 0 | |a Matemáticas |x Enseñanza |9 875527 | |
| 583 | |a last modification |c 19981217 00:00:00 |k Rodrigo Vera | ||
| 999 | |c 277928 |d 277926 | ||